00462 a2200157 4500050002100000100003000021245007200051264006400123300001200187500002700199650001500226700001800241700001600259700001500275700001400290 aKTZ2.23.A2Z56ROW dRowland John Reideeditor aZimbabwe law reports :b2006 Part 1 /c Rowland John Reid [et...al] aHarare:Zimbabwe:bLegal Resources Foundation WO41/84,c2006 a554p. : aincludes subject index alaw report aColegrave J B aMcNally N J aNdlovu M E aSmith L G